Marketing and economics
Αποθηκεύτηκε σε:
| Κύριος συγγραφέας: | |
|---|---|
| Μορφή: | Βιβλίο |
| Γλώσσα: | English |
| Δημοσίευση: |
London :
Macmillan,
1980
|
| Θέματα: | |
| Ετικέτες: |
Προσθήκη ετικέτας
Δεν υπάρχουν, Καταχωρήστε ετικέτα πρώτοι!
|
MARC
| LEADER | 00000nam a2200000 i 4500 | ||
|---|---|---|---|
| 001 | 1/48204 | ||
| 008 | 960321s1980 eng d | ||
| 020 | |a 0333223489 | ||
| 035 | |l 10026631 | ||
| 040 | |a GR-MY-UA |b gre |e aacr | ||
| 041 | 0 | |a eng | |
| 082 | 0 | |a 658.8 | |
| 100 | 1 | |a Stone, Merlin |d 1948- | |
| 245 | 1 | 0 | |a Marketing and economics / |c Merlin Stone |
| 260 | |a London : |b Macmillan, |c 1980 | ||
| 300 | |a 181 p. | ||
| 650 | 0 | 0 | |a Marketing |x Economic aspects. |
| 852 | |a INST |b CHIOS |e 19960321 |h 658.8 STO |p 005200004320 |q 005200004320 |t BK |y 0 | ||
| 909 | |a Χ |b 000017 | ||